|
|
|
|
| LEADER |
00000nnm a2200000 i 4500 |
| 001 |
dolg22860 |
| 005 |
20200218123459.0 |
| 008 |
191114suuuu hu o 000 hun d |
| 040 |
|
|
|a BGE Dolgozattár Repozitórium
|b hun
|
| 041 |
|
|
|a hu
|
| 100 |
1 |
|
|a Szűcs László Máté
|
| 245 |
1 |
0 |
|a Danubius Hotel Gellért front office tevékenysége
|c Szűcs László Máté
|h [elektronikus dokumentum]
|
| 246 |
1 |
1 |
|a Danubius Hotel Gellért front office tevékenysége
|
| 695 |
|
|
|a Hotel Gellért
|
| 695 |
|
|
|a Front Office
|
| 700 |
1 |
|
|a Schablik Dr. Vilmos
|e ths
|
| 856 |
4 |
0 |
|u http://dolgozattar.uni-bge.hu/22860/1/Sz%C5%B1cs%20L%C3%A1szl%C3%B3%20M%C3%A1t%C3%A9%20-%20Danubius%20Hotel%20Gell%C3%A9rt.pdf
|z Dokumentum-elérés
|